[Event "Wood Green Invitational"]
[Site "Stafford"]
[Date "2023.07.14"]
[Round "1.1"]
[White "Sousa, Andre Ventura"]
[Black "Rudd, Jack"]
[Result "0-1"]
[WhiteElo "2455"]
[BlackElo "2276"]
[PlyCount "96"]
[EventDate "2023.07.14"]
[EventType "tourn"]
[EventRounds "9"]
[EventCountry "ENG"]

1. e4 c6 2. d4 d5 3. e5 c5 4. c3 Nc6 5. Be2 Bf5 6. Nf3 e6 7. O-O Nge7 8. dxc5
Ng6 9. b4 Ngxe5 10. Nxe5 Nxe5 11. f4 Nd7 12. g4 Bxb1 13. Rxb1 Be7 14. Bf3 O-O
15. c4 dxc4 16. Bxb7 Rb8 17. Qf3 Qc7 18. c6 Nf6 19. Be3 a6 20. Bxa6 Nd5 21. b5
Bd6 22. Kh1 c3 23. Rbd1 Qa5 24. Rf2 Qa3 25. Bc1 Qa4 26. f5 Bc5 27. Rff1 Qxa2
28. f6 g6 29. c7 Nxc7 30. Qf4 Qc2 31. Rde1 Rfd8 32. Qc4 Bb6 33. Bf4 Nxa6 34.
bxa6 Rbc8 35. Qb5 Ba7 36. Qb7 Bb8 37. a7 Bxf4 38. Rxf4 Qa2 39. Rd4 c2 40. Rc1
h6 41. Rd7 Qa4 42. Rxd8+ Rxd8 43. Qb8 Qe4+ 44. Kg1 Qd4+ 45. Kf1 Qd5 46. Ra1 Kh7
47. Kf2 Qd2+ 48. Kg1 c1=Q+ 0-1

[Event "Wood Green Invitational"]
[Site "Stafford"]
[Date "2023.07.14"]
[Round "1.2"]
[White "Ghasi, Ameet K"]
[Black "Arakhamia-Grant, Ketevan"]
[Result "1/2-1/2"]
[WhiteElo "2495"]
[BlackElo "2305"]
[PlyCount "122"]
[EventDate "2023.07.14"]
[EventType "tourn"]
[EventRounds "9"]
[EventCountry "ENG"]

1. Nf3 Nf6 2. g3 g6 3. b3 d6 4. d4 Bg7 5. Bb2 c5 6. Bg2 Ne4 7. O-O Nc6 8. c4
O-O 9. e3 f5 10. Nbd2 Qa5 11. Nxe4 fxe4 12. Nd2 cxd4 13. exd4 Nxd4 14. Nxe4
Nf3+ 15. Bxf3 Bxb2 16. Rb1 Bg7 17. Qe2 Qf5 18. Bg2 Bd7 19. Rbd1 Bc6 20. h4 Kh8
21. Ng5 Qe5 22. Rfe1 Qxe2 23. Rxe2 Bf6 24. Ne6 Rfc8 25. Nf4 Rab8 26. Re6 Kg7
27. Rde1 Kf8 28. Bh3 Re8 29. R6e3 e5 30. Nd5 Bxd5 31. cxd5 Bd8 32. Be6 Kg7 33.
Rf3 Re7 34. Rc1 Bb6 35. Rc4 a5 36. a3 Bc5 37. b4 axb4 38. axb4 Bd4 39. Kg2 Ra8
40. g4 h6 41. g5 hxg5 42. hxg5 Rh8 43. Rc2 Rh5 44. Rg3 Rh8 45. Rg4 Rf8 46. Rh4
b5 47. Kg3 Ra7 48. Kg2 Bb6 49. Rh3 Ra4 50. Rh4 Ra7 51. Rh3 Ra4 52. Rb3 Rf4 53.
f3 Rfxb4 54. Rxb4 Rxb4 55. Rc8 Rb2+ 56. Kh3 b4 57. Rc6 Bc5 58. Rc7+ Kh8 59.
Rc8+ Kg7 60. Rc7+ Kh8 61. Rc8+ Kg7 1/2-1/2

[Event "Wood Green Invitational"]
[Site "Stafford"]
[Date "2023.07.14"]
[Round "1.3"]
[White "Rees, Ioan L"]
[Black "Wadsworth, Matthew J"]
[Result "0-1"]
[WhiteElo "2293"]
[BlackElo "2431"]
[PlyCount "80"]
[EventDate "2023.07.14"]
[EventType "tourn"]
[EventRounds "9"]
[EventCountry "ENG"]

1. d4 d5 2. Nf3 Nf6 3. c4 c6 4. cxd5 cxd5 5. Nc3 Qb6 6. Ne5 e6 7. e3 Nc6 8. f4
Be7 9. Bd3 Bd7 10. O-O O-O 11. Bd2 Be8 12. Rc1 g6 13. Na4 Qd8 14. Nc5 Rb8 15.
b4 Ne4 16. Nxc6 Bxc6 17. b5 Be8 18. Nxe4 dxe4 19. Bc4 a6 20. bxa6 b5 21. Bb3 b4
22. Bc4 Bb5 23. Qb3 Qa5 24. Bxb5 Rxb5 25. Rc6 Ra8 26. a4 Rb6 27. Rxb6 Qxb6 28.
d5 Rd8 29. Rc1 exd5 30. Qb2 Bc5 31. Rxc5 Qxc5 32. Qxb4 Qxb4 33. Bxb4 Ra8 34.
Kf2 Rxa6 35. a5 f5 36. Ke2 Kf7 37. Kd2 d4 38. exd4 Ke6 39. Ke3 Kd5 40. h3 Kc4
0-1

[Event "Wood Green Invitational"]
[Site "Stafford"]
[Date "2023.07.14"]
[Round "1.4"]
[White "Turner, Matthew J"]
[Black "Waldhausen Gordon, Frederick"]
[Result "1-0"]
[WhiteElo "2439"]
[BlackElo "2325"]
[PlyCount "103"]
[EventDate "2023.07.14"]
[EventType "tourn"]
[EventRounds "9"]
[EventCountry "ENG"]

1. e4 c5 2. Nf3 Nc6 3. c3 Nf6 4. e5 Nd5 5. g3 e6 6. Bg2 d6 7. exd6 Bxd6 8. O-O
O-O 9. d4 cxd4 10. Nxd4 Nxd4 11. Qxd4 Qf6 12. Qxf6 Nxf6 13. Rd1 Bc5 14. h3 e5
15. Nd2 Re8 16. Nc4 Be6 17. Na5 Rad8 18. Bd2 b5 19. Nb7 Rc8 20. Nxc5 Rxc5 21.
Be3 Rc7 22. Rd6 h6 23. a4 Rb8 24. a5 b4 25. cxb4 Rxb4 26. Ra6 Rxb2 27. Rxa7
Rxa7 28. Bxa7 Bd5 29. a6 e4 30. Bd4 Rb8 31. a7 Ra8 32. Ra5 Bc6 33. Rc5 Bb7 34.
Rb5 Bc6 35. Rb8+ Kh7 36. Rb6 Bd5 37. Rd6 Bb7 38. g4 Kg8 39. Rb6 Bd5 40. Rb8+
Kh7 41. Rxa8 Bxa8 42. Bxf6 gxf6 43. Kh2 h5 44. Kg3 hxg4 45. hxg4 Kh6 46. Kf4 e3
47. Kxe3 Bxg2 48. f3 Bf1 49. a8=Q Bc4 50. Qh8+ Kg6 51. f4 f5 52. g5 1-0

[Event "Wood Green Invitational"]
[Site "Stafford"]
[Date "2023.07.14"]
[Round "1.5"]
[White "Willow, Jonah B"]
[Black "Gasanov, Eldar"]
[Result "1/2-1/2"]
[WhiteElo "2421"]
[BlackElo "2481"]
[PlyCount "54"]
[EventDate "2023.07.14"]
[EventType "tourn"]
[EventRounds "9"]
[EventCountry "ENG"]

1. e4 e5 2. Nf3 Nc6 3. d4 exd4 4. Nxd4 Nf6 5. Nxc6 bxc6 6. Qe2 Bb4+ 7. c3 Bc5
8. e5 Nd5 9. c4 Bb4+ 10. Bd2 Nf4 11. Qe3 Bxd2+ 12. Nxd2 Ne6 13. O-O-O f6 14. g3
O-O 15. f4 fxe5 16. Qxe5 d6 17. Qc3 c5 18. Bd3 Nd4 19. Nb3 Qf6 20. Nxd4 cxd4
21. Qc2 g6 22. Rhe1 c5 23. Qg2 Rb8 24. Rd2 Bb7 25. Qh3 Bc8 26. Qg2 Bb7 27. Qh3
Bc8 1/2-1/2

[Event "Wood Green Invitational"]
[Site "Stafford"]
[Date "2023.07.14"]
[Round "2.1"]
[White "Rudd, Jack"]
[Black "Gasanov, Eldar"]
[Result "0-1"]
[WhiteElo "2276"]
[BlackElo "2481"]
[PlyCount "44"]
[EventDate "2023.07.14"]
[EventType "tourn"]
[EventRounds "9"]
[EventCountry "ENG"]

1. d4 Nf6 2. c4 e6 3. Nc3 Bb4 4. f3 d5 5. a3 Be7 6. e4 dxe4 7. fxe4 c5 8. d5
exd5 9. exd5 O-O 10. Nf3 Bg4 11. Be2 Bd6 12. O-O Nbd7 13. Ng5 Bxe2 14. Qxe2 Re8
15. Qc2 h6 16. Nge4 Nxe4 17. Nxe4 Bxh2+ 18. Kxh2 Qh4+ 19. Kg1 Rxe4 20. b3 Rae8
21. Bb2 Qg4 22. Rf2 Re1+ 0-1

[Event "Wood Green Invitational"]
[Site "Stafford"]
[Date "2023.07.14"]
[Round "2.2"]
[White "Waldhausen Gordon, Frederick"]
[Black "Willow, Jonah B"]
[Result "0-1"]
[WhiteElo "2325"]
[BlackElo "2421"]
[PlyCount "162"]
[EventDate "2023.07.14"]
[EventType "tourn"]
[EventRounds "9"]
[EventCountry "ENG"]

1. e4 e6 2. Nf3 d5 3. Nc3 Nf6 4. e5 Nfd7 5. d4 c5 6. dxc5 Nc6 7. Bf4 Bxc5 8.
Bd3 a6 9. O-O h6 10. h4 O-O 11. a3 Ba7 12. Qd2 f6 13. exf6 Qxf6 14. Bg3 Nc5 15.
b4 Nxd3 16. cxd3 Bd7 17. Rac1 Be8 18. Rfe1 Bh5 19. Ne5 Nd4 20. Nd7 Qf5 21. Nxf8
Rxf8 22. Na4 Nf3+ 23. gxf3 Qh3 24. Re3 Bxe3 25. fxe3 Qxg3+ 26. Qg2 Qxh4 27. Rc7
g5 28. Qf2 Qxf2+ 29. Kxf2 Rxf3+ 30. Kg2 Rxe3 31. Nc5 d4 32. Re7 Bf3+ 33. Kg1
Bd5 34. Nd7 Rxd3 35. Nf6+ Kf8 36. Rd7 Rf3 37. Nxd5 exd5 38. Rxd5 Rxa3 39. Rxd4
b5 40. Rd6 Kg7 41. Rb6 Ra4 42. Kg2 Rxb4 43. Rxa6 Rg4+ 44. Kh3 Rc4 45. Rb6 b4
46. Kg3 h5 47. Kh3 Rc3+ 48. Kh2 Rb3 49. Kg2 Rb1 50. Kh2 b3 51. Kg3 b2 52. Kg2
Kf7 53. Rb7+ Ke6 54. Rb6+ Kd5 55. Rb5+ Kc4 56. Rb8 h4 57. Rc8+ Kd3 58. Rd8+ Ke3
59. Re8+ Kf4 60. Rb8 g4 61. Rf8+ Ke5 62. Re8+ Kf6 63. Rf8+ Ke7 64. Rb8 h3+ 65.
Kh2 g3+ 66. Kxh3 Rh1+ 67. Kxg3 b1=Q 68. Rxb1 Rxb1 69. Kh2 Rb3 70. Kg2 Ke6 71.
Kf2 Ke5 72. Ke2 Kd4 73. Kf2 Ke4 74. Kg2 Kf4 75. Kf2 Rb2+ 76. Ke1 Ke3 77. Kd1
Rh2 78. Kc1 Kd3 79. Kb1 Kc3 80. Ka1 Kb3 81. Kb1 Rh1# 0-1

[Event "Wood Green Invitational"]
[Site "Stafford"]
[Date "2023.07.14"]
[Round "2.3"]
[White "Wadsworth, Matthew J"]
[Black "Turner, Matthew J"]
[Result "1-0"]
[WhiteElo "2431"]
[BlackElo "2439"]
[PlyCount "75"]
[EventDate "2023.07.14"]
[EventType "tourn"]
[EventRounds "9"]
[EventCountry "ENG"]

1. Nf3 Nf6 2. g3 g6 3. Bg2 Bg7 4. O-O O-O 5. c4 c6 6. d4 d5 7. Nc3 Ne4 8. Qb3
dxc4 9. Qxc4 Bf5 10. Qb3 Qb6 11. Nh4 Nxc3 12. bxc3 Be6 13. Qa3 Nd7 14. Bg5 Bf6
15. Bxf6 exf6 16. e4 Bc4 17. Rfe1 Qc7 18. Nf3 Rfe8 19. Nd2 Ba6 20. c4 c5 21. d5
Qe5 22. Bh3 Nb6 23. Rac1 f5 24. Bf1 fxe4 25. Rxe4 Qg5 26. Rf4 Nd7 27. h4 Qe7
28. Ne4 f5 29. Ng5 Nf8 30. Bg2 Kg7 31. g4 h6 32. gxf5 gxf5 33. Rxf5 hxg5 34.
Rxg5+ Kh7 35. Qd3+ Kh8 36. Qc3+ Kh7 37. Be4+ Qxe4 38. Qg7# 1-0

[Event "Wood Green Invitational"]
[Site "Stafford"]
[Date "2023.07.14"]
[Round "2.4"]
[White "Arakhamia-Grant, Ketevan"]
[Black "Rees, Ioan L"]
[Result "0-1"]
[WhiteElo "2305"]
[BlackElo "2293"]
[PlyCount "170"]
[EventDate "2023.07.14"]
[EventType "tourn"]
[EventRounds "9"]
[EventCountry "ENG"]

1. e4 e5 2. Nf3 Nc6 3. Bc4 Bc5 4. d3 a6 5. a4 d6 6. c3 Ba7 7. b4 Nf6 8. O-O h6
9. Re1 O-O 10. h3 Re8 11. Nbd2 Be6 12. Nf1 Nxe4 13. Rxe4 d5 14. Bxd5 Bxd5 15.
Re1 b5 16. Be3 f6 17. Bxa7 Rxa7 18. Ne3 Bf7 19. Nh4 Qd7 20. Qf3 bxa4 21. Nhf5
Be6 22. Qe4 Ne7 23. Nxe7+ Rxe7 24. c4 Re8 25. Ra3 Rb8 26. Nc2 Rab7 27. f4 Bf5
28. Qf3 exf4 29. Qxf4 Bxd3 30. Rd1 Qf5 31. Qxf5 Bxf5 32. Ne3 Be4 33. Rxa4 Rxb4
34. Rxa6 Rb1 35. Rxb1 Rxb1+ 36. Kf2 Rb2+ 37. Kg3 Re2 38. Kf4 Bxg2 39. Nxg2 Rxg2
40. Rc6 Rh2 41. Kg3 Rc2 42. Rxc7 Rc3+ 43. Kg4 Kh7 44. h4 Rc1 45. c5 Rc4+ 46.
Kg3 Kg6 47. h5+ Kxh5 48. Rxg7 Rxc5 49. Kf4 Rg5 50. Rh7 Kg6 51. Rh8 Rf5+ 52. Kg4
h5+ 53. Kg3 Rg5+ 54. Kh4 Rg4+ 55. Kh3 Ra4 56. Kg3 Kg5 57. Rg8+ Kf5 58. Rb8 Kg5
59. Rg8+ Kf5 60. Rb8 Ra3+ 61. Kh4 Ra1 62. Rb5+ Kg6 63. Rb8 Ra4+ 64. Kg3 Rg4+
65. Kf3 Kg5 66. Rg8+ Kf5 67. Rh8 Rf4+ 68. Ke3 Rh4 69. Kf3 Rh3+ 70. Kg2 Kg4 71.
Rg8+ Kh4 72. Rg6 f5 73. Rf6 Rg3+ 74. Kf2 Rg5 75. Kf3 Rg1 76. Kf2 Rg5 77. Kf3
Kh3 78. Rh6 h4 79. Kf4 Rg4+ 80. Kxf5 Kg3 81. Ra6 Rf4+ 82. Ke5 h3 83. Rh6 Rh4
84. Rg6+ Kf3 85. Rf6+ Ke3 0-1

[Event "Wood Green Invitational"]
[Site "Stafford"]
[Date "2023.07.14"]
[Round "2.5"]
[White "Sousa, Andre Ventura"]
[Black "Ghasi, Ameet K"]
[Result "0-1"]
[WhiteElo "2455"]
[BlackElo "2495"]
[PlyCount "114"]
[EventDate "2023.07.14"]
[EventType "tourn"]
[EventRounds "9"]
[EventCountry "ENG"]

1. e4 c6 2. d4 d5 3. Nd2 dxe4 4. Nxe4 Nf6 5. Nxf6+ exf6 6. Be3 Qb6 7. Qe2 Bd6
8. Bf4+ Kd8 9. Bxd6 Re8 10. O-O-O Rxe2 11. Nxe2 Qa5 12. Nc3 Be6 13. d5 cxd5 14.
Nxd5 Bxd5 15. Bc4 Bxc4 16. Bb4+ Qd5 17. Rxd5+ Bxd5 18. Rd1 Nc6 19. Rxd5+ Ke8
20. Rb5 b6 21. Bc3 Kd7 22. Rh5 h6 23. Rh4 Ne7 24. Rg4 Nf5 25. a4 h5 26. Rf4 Ke6
27. Re4+ Kd7 28. Rb4 Re8 29. Rb5 g6 30. Rb4 Re6 31. a5 Ne7 32. axb6 axb6 33.
Ra4 Nc6 34. Ra8 Re2 35. Rf8 Ke7 36. Rc8 Kd7 37. Rf8 Ke7 38. Rc8 Kd6 39. Rf8
Rxf2 40. Rxf7 Ne5 41. Rf8 Nd7 42. Rg8 Rxg2 43. Be1 g5 44. Bg3+ Ke7 45. Rg7+ Ke6
46. b4 b5 47. c4 bxc4 48. b5 c3 49. Rg8 Rb2 50. Be1 Rxb5 51. Bxc3 Ne5 52. Ra8
Rc5 53. Kd2 Rc4 54. h3 Rh4 55. Ra6+ Kf5 56. Ke2 Rxh3 57. Be1 h4 0-1

[Event "Wood Green Invitational"]
[Site "Stafford"]
[Date "2023.07.15"]
[Round "3.1"]
[White "Ghasi, Ameet K"]
[Black "Rudd, Jack"]
[Result "1-0"]
[WhiteElo "2495"]
[BlackElo "2276"]
[PlyCount "71"]
[EventDate "2023.07.14"]
[EventType "tourn"]
[EventRounds "9"]
[EventCountry "ENG"]

1. Nf3 Nf6 2. g3 b5 3. Bg2 Bb7 4. d3 e6 5. e4 d5 6. e5 Nfd7 7. O-O c5 8. Bf4
Nc6 9. h4 Be7 10. Re1 h6 11. h5 Nf8 12. c4 bxc4 13. dxc4 d4 14. Qa4 Qd7 15. Nh2
Nd8 16. Qd1 Bxg2 17. Kxg2 Rb8 18. b3 a5 19. Na3 Nc6 20. Nb5 Nh7 21. Qg4 Kf8 22.
Bd2 Nb4 23. Bxb4 axb4 24. a3 bxa3 25. Rxa3 Qc6+ 26. Qf3 Qxf3+ 27. Nxf3 g6 28.
hxg6 fxg6 29. Ra7 Ng5 30. Nd2 Nf7 31. Ra6 Nd8 32. Ne4 Rh7 33. Rea1 Rf7 34. Ra8
Rxa8 35. Rxa8 Kg7 36. Nxc5 1-0

[Event "Wood Green Invitational"]
[Site "Stafford"]
[Date "2023.07.15"]
[Round "3.2"]
[White "Rees, Ioan L"]
[Black "Sousa, Andre Ventura"]
[Result "1/2-1/2"]
[WhiteElo "2293"]
[BlackElo "2455"]
[PlyCount "182"]
[EventDate "2023.07.14"]
[EventType "tourn"]
[EventRounds "9"]
[EventCountry "ENG"]

1. d4 Nf6 2. c4 e6 3. Nf3 Bb4+ 4. Nbd2 O-O 5. a3 Be7 6. Qc2 d5 7. e4 dxe4 8.
Nxe4 Nbd7 9. Be3 b6 10. O-O-O Bb7 11. Bd3 Nxe4 12. Bxe4 Bxe4 13. Qxe4 c5 14.
dxc5 Qc7 15. Bf4 Nxc5 16. Qxh7+ Kxh7 17. Bxc7 Rac8 18. Bd6 Bxd6 19. Rxd6 Nb7
20. Rd7 Rxc4+ 21. Kb1 Nc5 22. Rxa7 Nd3 23. Rd1 Nxf2 24. Rdd7 Rg4 25. g3 f6 26.
Rab7 e5 27. Rxb6 e4 28. Nd4 f5 29. Rbb7 e3 30. Ne2 Ne4 31. Rb4 Re8 32. Rd1 Nd2+
33. Kc2 Rxb4 34. axb4 g5 35. Ra1 Rd8 36. Ra3 Nf1 37. Rd3 Rf8 38. Kd1 f4 39.
gxf4 gxf4 40. Ke1 Nxh2 41. Nxf4 Rxf4 42. Rxe3 Kg7 43. Kd1 Rxb4 44. Kc2 Kf6 45.
Kc3 Rb8 46. b4 Ng4 47. Re1 Ne5 48. Rh1 Ke6 49. Kb3 Kd6 50. Rd1+ Kc6 51. Rc1+
Kb6 52. Rh1 Rg8 53. Kc3 Rg3+ 54. Kd4 Nc6+ 55. Ke4 Nxb4 56. Rh6+ Kc5 57. Rh8 Rg7
58. Re8 Rg1 59. Rc8+ Nc6 60. Rh8 Re1+ 61. Kd3 Kd5 62. Rh5+ Ne5+ 63. Kd2 Ra1 64.
Rh8 Ra3 65. Rd8+ Ke4 66. Re8 Rh3 67. Re7 Rh8 68. Kc3 Kd5 69. Rg7 Rc8+ 70. Kd2
Rh8 71. Kc3 Rh3+ 72. Kc2 Kd4 73. Rg8 Rc3+ 74. Kd2 Nc4+ 75. Ke2 Rc2+ 76. Kf3
Ne5+ 77. Kg3 Rc3+ 78. Kf2 Rf3+ 79. Ke2 Re3+ 80. Kf2 Nd3+ 81. Kg2 Ke4 82. Ra8
Nf4+ 83. Kf2 Rf3+ 84. Ke1 Rd3 85. Kf2 Rd2+ 86. Ke1 Rh2 87. Re8+ Kd4 88. Kd1 Nd5
89. Ke1 Ra2 90. Rd8 Ke4 91. Re8+ Kd3 1/2-1/2

[Event "Wood Green Invitational"]
[Site "Stafford"]
[Date "2023.07.15"]
[Round "3.3"]
[White "Turner, Matthew J"]
[Black "Arakhamia-Grant, Ketevan"]
[Result "1-0"]
[WhiteElo "2439"]
[BlackElo "2305"]
[PlyCount "141"]
[EventDate "2023.07.14"]
[EventType "tourn"]
[EventRounds "9"]
[EventCountry "ENG"]

1. Nf3 Nf6 2. d4 g6 3. Bg5 Bg7 4. Nbd2 d5 5. e3 O-O 6. Bd3 Nbd7 7. h4 c5 8. c3
h5 9. O-O Re8 10. Re1 Qb6 11. Qc2 Nf8 12. c4 Bg4 13. cxd5 Nxd5 14. dxc5 Qxb2
15. Qxb2 Bxb2 16. Rab1 Ba3 17. Bc4 Rad8 18. Rxb7 Bxc5 19. Ne4 Bb6 20. Bxd5 Rxd5
21. Bxe7 Nh7 22. Nfg5 Rd7 23. Rxd7 Bxd7 24. Nf6+ Nxf6 25. Bxf6 Rc8 26. Bd4 Rc2
27. Bxb6 axb6 28. Rd1 Ba4 29. Rd6 Rxa2 30. Rxb6 Ra3 31. Ra6 Ra2 32. Ra7 Bb3 33.
Rb7 Bd5 34. Rd7 Bc4 35. Rc7 Bb3 36. Rc3 Ba4 37. Rc7 Bb3 38. f3 Kf8 39. Kh2 Ke8
40. Kg3 Rc2 41. Rxc2 Bxc2 42. Kf4 Ke7 43. e4 f6 44. Nh3 Bd3 45. Ke3 Bf1 46. Nf4
Kf7 47. g3 Bb5 48. Kd4 Ba4 49. Nd3 Bd1 50. f4 Ba4 51. Nc5 Bc6 52. Nd3 Ke6 53.
Nc5+ Ke7 54. e5 Bf3 55. Ne4 fxe5+ 56. fxe5 Bg4 57. Nc5 Bf3 58. Ke3 Bg4 59. Kf4
Bf5 60. Nb3 Bd3 61. Kg5 Bc2 62. Nd4 Bd3 63. Nf3 Ke6 64. Kf4 Kd5 65. Ng5 Bf5 66.
Nf7 Ke6 67. Nh8 Kd5 68. Kg5 Kxe5 69. Nxg6+ Ke4 70. Kxh5 Kf3 71. Kg5 1-0

[Event "Wood Green Invitational"]
[Site "Stafford"]
[Date "2023.07.15"]
[Round "3.4"]
[White "Willow, Jonah B"]
[Black "Wadsworth, Matthew J"]
[Result "1-0"]
[WhiteElo "2421"]
[BlackElo "2431"]
[PlyCount "159"]
[EventDate "2023.07.14"]
[EventType "tourn"]
[EventRounds "9"]
[EventCountry "ENG"]

1. e4 e6 2. d4 d5 3. Nd2 c5 4. exd5 exd5 5. Ngf3 Nc6 6. Bb5 Qe7+ 7. Be2 Nf6 8.
O-O Qc7 9. dxc5 Bxc5 10. Nb3 Bd6 11. Bg5 Be6 12. Bxf6 gxf6 13. Nbd4 a6 14. Nxc6
bxc6 15. c4 Rg8 16. cxd5 Bxd5 17. g3 f5 18. Re1 Kf8 19. Qd2 f4 20. Kf1 Qd7 21.
Ng1 Rg6 22. Qc3 Kg8 23. Bf3 fxg3 24. hxg3 Qf5 25. Bxd5 Qxd5 26. Rad1 Qb5+ 27.
Re2 Re6 28. Qd3 Rxe2 29. Nxe2 Be5 30. b3 Qxd3 31. Rxd3 a5 32. Re3 Bb2 33. Re4
Rd8 34. Nf4 c5 35. Rc4 Ba3 36. Ke2 Bb4 37. Nd3 Kg7 38. Ke3 Rd5 39. Rg4+ Kf6 40.
Rh4 Kg7 41. Rg4+ Kf6 42. Rg8 Rd7 43. Rc8 Rd5 44. Rc6+ Kg7 45. Rc7 Kf6 46. f4
Rh5 47. Ne5 Ke6 48. Nxf7 Rh2 49. Ng5+ Kd5 50. Rd7+ Kc6 51. Rxh7 Rxa2 52. Nf3
Rb2 53. Ne5+ Kb5 54. f5 Rxb3+ 55. Ke4 c4 56. f6 c3 57. Rc7 Rb2 58. f7 Rf2 59.
Nf3 Re2+ 60. Kd3 Rf2 61. Ke3 Rf1 62. Rxc3 a4 63. Rc8 Be7 64. f8=Q Bxf8 65. Rxf8
Ra1 66. Nd4+ Kc4 67. Rc8+ Kd5 68. Nc2 Rg1 69. Kf2 Rb1 70. Ne3+ Ke6 71. Ra8 Ra1
72. Kf3 Ra3 73. Ke4 Ra1 74. Ra6+ Kf7 75. g4 a3 76. Nc2 Rg1 77. Kf4 Rf1+ 78. Kg5
Rc1 79. Nxa3 Ra1 80. Ra7+ 1-0

[Event "Wood Green Invitational"]
[Site "Stafford"]
[Date "2023.07.15"]
[Round "3.5"]
[White "Gasanov, Eldar"]
[Black "Waldhausen Gordon, Frederick"]
[Result "1-0"]
[WhiteElo "2481"]
[BlackElo "2325"]
[PlyCount "157"]
[EventDate "2023.07.14"]
[EventType "tourn"]
[EventRounds "9"]
[EventCountry "ENG"]

1. d4 d5 2. c4 e6 3. Nc3 Nf6 4. cxd5 exd5 5. Bf4 Bd6 6. Bxd6 Qxd6 7. e3 c6 8.
Bd3 O-O 9. Nge2 Re8 10. O-O Nbd7 11. Qd2 Nf8 12. Rae1 Bd7 13. f3 c5 14. Bb1 Ne6
15. Rd1 Bc6 16. dxc5 Qxc5 17. a3 a5 18. Rfe1 Red8 19. Nd4 Rac8 20. Nce2 Qb6 21.
Rc1 Bd7 22. Nf5 Kf8 23. Rc3 g6 24. Nfd4 Nxd4 25. Nxd4 Rxc3 26. Qxc3 Rc8 27. Qd2
h5 28. Ne2 Qc5 29. Rc1 Qb6 30. Rxc8+ Bxc8 31. Qc3 Bd7 32. Kf2 Ke7 33. Nf4 g5
34. Qxf6+ Qxf6 35. Nxd5+ Ke6 36. Nxf6 Kxf6 37. Ba2 h4 38. g3 hxg3+ 39. Kxg3 Ke7
40. f4 f6 41. e4 b5 42. e5 b4 43. axb4 axb4 44. exf6+ Kxf6 45. fxg5+ Kxg5 46.
h4+ Kh6 47. Bd5 Ba4 48. Bf3 Bc2 49. Kf4 Bb3 50. Ke5 Ba4 51. Kd4 Bc2 52. Kc4 b3
53. Kc3 Kg7 54. Bd5 Bd1 55. Bxb3 Bg4 56. Ba4 Kh6 57. Be8 Be2 58. b4 Ba6 59. Kd4
Be2 60. Bf7 Bb5 61. Kc5 Ba4 62. Bd5 Bd7 63. Bc6 Bg4 64. b5 Kh5 65. b6 Bc8 66.
Bb5 Kxh4 67. Kc6 Bg4 68. Kc7 Bf3 69. Bc6 Bg4 70. b7 Kg3 71. b8=Q Kf2 72. Qb3
Be6 73. Qf3+ Ke1 74. Qe3+ Kf1 75. Kd6 Bc4 76. Ke5 Be2 77. Kf4 Bf3 78. Kg3 Bxc6
79. Qf2# 1-0

[Event "Wood Green Invitational"]
[Site "Stafford"]
[Date "2023.07.15"]
[Round "4.1"]
[White "Rudd, Jack"]
[Black "Waldhausen Gordon, Frederick"]
[Result "1-0"]
[WhiteElo "2276"]
[BlackElo "2325"]
[PlyCount "177"]
[EventDate "2023.07.14"]
[EventType "tourn"]
[EventRounds "9"]
[EventCountry "ENG"]

1. d4 d5 2. c4 e6 3. Nc3 Nf6 4. cxd5 exd5 5. Bg5 c6 6. Qc2 g6 7. e3 Bf5 8. Bd3
Bxd3 9. Qxd3 Bg7 10. Nf3 O-O 11. O-O Nbd7 12. b4 a6 13. a4 h6 14. Bh4 b5 15.
Ra2 Qc7 16. Rfa1 Qb7 17. Nd2 Rfe8 18. Nb3 Bf8 19. Na5 Qb6 20. Qb1 Rac8 21. Qb3
Re6 22. axb5 axb5 23. Rc2 Ra8 24. Ne2 g5 25. Bg3 Ne4 26. Rac1 Nxg3 27. Nxg3 Nb8
28. Nf5 Bxb4 29. Qxb4 Qxa5 30. Qb1 Qd8 31. g4 Qf6 32. Ra2 Rxa2 33. Qxa2 h5 34.
h3 Re8 35. Qa7 Qe6 36. Ra1 hxg4 37. hxg4 Qe4 38. Nh6+ Kg7 39. Qxf7+ Kxh6 40.
Qh5+ Kg7 41. Ra7+ Re7 42. Qxg5+ Kf7 43. Rxe7+ Qxe7 44. Qf4+ Kg6 45. Qxb8 Qe4
46. Qg8+ Kh6 47. Qh8+ Kg6 48. Qh5+ Kg7 49. Qg5+ Kf7 50. Qh5+ Kg7 51. g5 Qg6 52.
Qg4 Qe4 53. Qd7+ Kg6 54. Qxc6+ Kxg5 55. Qc3 Kg4 56. Kf1 Kf3 57. Qb3 Qe6 58.
Qxb5 Qh3+ 59. Ke1 Qh1+ 60. Qf1 Qh7 61. Qe2+ Kg2 62. Qg4+ Kh2 63. Ke2 Qc2+ 64.
Kf3 Qd1+ 65. Kf4 Qc2 66. Qh5+ Kg1 67. Qxd5 Qxf2+ 68. Qf3 Qa2 69. d5 Qa6 70.
Qd1+ Kh2 71. Qd2+ Kh3 72. d6 Qc4+ 73. Ke5 Qc5+ 74. Kf6 Qc8 75. Qd5 Qf8+ 76. Qf7
Qd8+ 77. Qe7 Qh8+ 78. Qg7 Qd8+ 79. Ke5 Qa5+ 80. Kf4 Qa4+ 81. e4 Qa3 82. Qg4+
Kh2 83. Qe2+ Kh1 84. Qf3+ Qxf3+ 85. Kxf3 Kh2 86. d7 Kh1 87. d8=R Kh2 88. Rd1
Kh3 89. Rh1# 1-0

[Event "Wood Green Invitational"]
[Site "Stafford"]
[Date "2023.07.15"]
[Round "4.2"]
[White "Wadsworth, Matthew J"]
[Black "Gasanov, Eldar"]
[Result "0-1"]
[WhiteElo "2431"]
[BlackElo "2481"]
[PlyCount "68"]
[EventDate "2023.07.14"]
[EventType "tourn"]
[EventRounds "9"]
[EventCountry "ENG"]

1. c4 e5 2. g3 Nc6 3. Nc3 g6 4. Bg2 Bg7 5. d3 d6 6. Rb1 f5 7. b4 Nf6 8. b5 Ne7
9. e3 O-O 10. Nge2 c6 11. O-O c5 12. d4 Rb8 13. dxe5 dxe5 14. b6 axb6 15. Qb3
Be6 16. Rd1 Nd7 17. Rd6 Bf7 18. Qd1 Be8 19. Bd5+ Nxd5 20. Nxd5 Rf7 21. Nxb6 Qc7
22. Nc3 Nxb6 23. Rdxb6 Bc6 24. Nd5 Qd8 25. Ba3 Bf8 26. e4 Ra8 27. Bc1 Rxa2 28.
exf5 Rxf5 29. Be3 Qa8 30. Nc3 Ra3 31. Rxc6 bxc6 32. Ne4 Qa4 33. Qd8 Qc2 34. Nd2
Rd3 0-1

[Event "Wood Green Invitational"]
[Site "Stafford"]
[Date "2023.07.15"]
[Round "4.3"]
[White "Arakhamia-Grant, Ketevan"]
[Black "Willow, Jonah B"]
[Result "1-0"]
[WhiteElo "2305"]
[BlackElo "2421"]
[PlyCount "55"]
[EventDate "2023.07.14"]
[EventType "tourn"]
[EventRounds "9"]
[EventCountry "ENG"]

1. e4 c5 2. Nf3 e6 3. d4 cxd4 4. Nxd4 a6 5. Bd3 Bc5 6. Nb3 Ba7 7. Nc3 Nc6 8. f4
Nge7 9. Qf3 Nb4 10. Be3 b5 11. O-O-O Nxd3+ 12. Rxd3 b4 13. Ne2 d5 14. f5 Bxe3+
15. Qxe3 O-O 16. f6 Ng6 17. fxg7 Re8 18. Ng3 Ne5 19. Rd4 Ng4 20. Qd2 a5 21. h3
Ne5 22. Nh5 Nd7 23. Rf1 Ba6 24. Nc5 Bxf1 25. Nxd7 f5 26. Qh6 Qc7 27. Ndf6+ Kf7
28. g8=Q+ 1-0

[Event "Wood Green Invitational"]
[Site "Stafford"]
[Date "2023.07.15"]
[Round "4.4"]
[White "Sousa, Andre Ventura"]
[Black "Turner, Matthew J"]
[Result "0-1"]
[WhiteElo "2455"]
[BlackElo "2439"]
[PlyCount "90"]
[EventDate "2023.07.14"]
[EventType "tourn"]
[EventRounds "9"]
[EventCountry "ENG"]

1. e4 e5 2. Nf3 Nc6 3. Nc3 Nf6 4. g3 Bc5 5. Bg2 d6 6. O-O Be6 7. d3 Nd4 8. Nxd4
Bxd4 9. Ne2 Bb6 10. d4 O-O 11. c3 Re8 12. Qd3 Qc8 13. Bg5 Nh5 14. Rfe1 h6 15.
Be3 Bh3 16. Bh1 Nf6 17. a4 c6 18. a5 Bc7 19. b4 d5 20. exd5 e4 21. Qd2 cxd5 22.
Rac1 Qf5 23. c4 dxc4 24. Rxc4 Bd6 25. Bf4 Qb5 26. Rec1 Be6 27. d5 Bxd5 28. Rd4
Bxf4 29. Nxf4 e3 30. fxe3 Bxh1 31. Kxh1 Rac8 32. Re1 Rc4 33. Rxc4 Qxc4 34. Rc1
Qe4+ 35. Ng2 Ng4 36. h3 Ne5 37. Qd4 Qf3 38. Qf4 Qh5 39. Qh4 Qf5 40. g4 Qf3 41.
Qh5 Ng6 42. Kg1 Re5 43. Rf1 Qg3 44. Rf5 Rxe3 45. g5 Re1+ 0-1

[Event "Wood Green Invitational"]
[Site "Stafford"]
[Date "2023.07.15"]
[Round "4.5"]
[White "Ghasi, Ameet K"]
[Black "Rees, Ioan L"]
[Result "1-0"]
[WhiteElo "2495"]
[BlackElo "2293"]
[PlyCount "77"]
[EventDate "2023.07.14"]
[EventType "tourn"]
[EventRounds "9"]
[EventCountry "ENG"]

1. Nf3 Nf6 2. g3 d5 3. Bg2 c5 4. O-O e6 5. d3 Nc6 6. Nbd2 Be7 7. e4 b6 8. Re1
Bb7 9. c3 Qc7 10. Qe2 h6 11. h4 O-O 12. e5 Nh7 13. Nf1 Rfd8 14. Bf4 b5 15. d4
b4 16. N1h2 Qb6 17. Red1 Kh8 18. Ng4 Rg8 19. Rac1 Rac8 20. Bf1 Na5 21. cxb4
cxb4 22. b3 Rc3 23. Bd2 Rc6 24. Rxc6 Nxc6 25. Be3 Rc8 26. Ne1 Qd8 27. Qf3 f5
28. exf6 Nxf6 29. Nd3 Bd6 30. Bh3 Ne4 31. Qf7 Qe7 32. Nge5 Bxe5 33. Nxe5 Qc7
34. Ng6+ Kh7 35. Qxe6 Rd8 36. Bf5 Nd6 37. Nf8+ Kh8 38. Qg6 Kg8 39. Ne6 1-0